Computer Applications in Management (Record no. 926)
[ view plain ]
| 000 -LEADER | |
|---|---|
| Fixed length control field | 00499nam a2200169 4500 |
| 003 - CONTROL NUMBER IDENTIFIER | |
| Control field | SEACOMMC |
| 005 - DATE AND TIME OF LATEST TRANSACTION | |
| Control field | 20250429114312.0 |
| 008 - FIXED-LENGTH DATA ELEMENTS--GENERAL INFORMATION | |
| Fixed length control field | 241223b |||||||| |||| 00| 0 eng d |
| 020 ## - INTERNATIONAL STANDARD BOOK NUMBER / ISBN | |
| International Standard Book Number | 978-81-2592-060-1 |
| Price | Rs.295.00 |
| 040 ## - CATALOGING SOURCE | |
| Original cataloging agency | SEACOMMC |
| 082 ## - DEWEY DECIMAL CLASSIFICATION NUMBER | |
| Classification number | 005.5068 |
| Book Number | S 227 |
| 100 ## - MAIN ENTRY--PERSONAL NAME | |
| Personal name | Saxena, Sanjay |
| 245 1# - TITLE STATEMENT | |
| Title | Computer Applications in Management |
| Statement of responsibility | Sanjay Saxena [and] Prabhpreet Chopra |
| 260 ## - IMPRINT | |
| Place of publication | New Delhi |
| Name of publisher | Vikas Publishing House |
| Date of publication | 2006 |
| 650 ## - SUBJECT ADDED ENTRY--TOPICAL TERM | |
| Topical term | Management-General |
| 942 ## - ADDED ENTRY ELEMENTS (KOHA) | |
| Koha item type | Books |
| Withdrawn status | Lost status | Source of classification | Damaged status | Not for loan | Home library | Current library | Shelving location | Date acquired | Total Checkouts | Call number | Accession number | Date last seen | Price effective from | Koha item type | Copy number |
|---|---|---|---|---|---|---|---|---|---|---|---|---|---|---|---|
| Dewey Decimal Classification | SEACOM MANAGEMENT COLLEGE | SEACOM MANAGEMENT COLLEGE | Reference | 11/12/2007 | 005.5068 S 227 | M-1283 | 23/12/2024 | 23/12/2024 | Books | ||||||
| Dewey Decimal Classification | SEACOM MANAGEMENT COLLEGE | SEACOM MANAGEMENT COLLEGE | 11/12/2007 | 005.5068 S 227 | M-1284 | 23/12/2024 | 23/12/2024 | Books | 1 | ||||||
| Dewey Decimal Classification | SEACOM MANAGEMENT COLLEGE | SEACOM MANAGEMENT COLLEGE | 11/12/2007 | 005.5068 S 227 | M-1285 | 23/12/2024 | 23/12/2024 | Books | 2 | ||||||
| Dewey Decimal Classification | SEACOM MANAGEMENT COLLEGE | SEACOM MANAGEMENT COLLEGE | 11/12/2007 | 005.5068 S 227 | M-1286 | 23/12/2024 | 23/12/2024 | Books | 3 | ||||||
| Dewey Decimal Classification | SEACOM MANAGEMENT COLLEGE | SEACOM MANAGEMENT COLLEGE | 11/12/2007 | 005.5068 S 227 | M-1287 | 23/12/2024 | 23/12/2024 | Books | 4 | ||||||
| Dewey Decimal Classification | SEACOM MANAGEMENT COLLEGE | SEACOM MANAGEMENT COLLEGE | 11/12/2007 | 005.5068 S 227 | M-1288 | 23/12/2024 | 23/12/2024 | Books | 5 |
